=LDR 00000nam 2200000 4500 =001 INLIS000000000027861 =005 20130612130215 =008 ***********************************Ind** =035 ##$$0010-061300000027861 =041 ##$$a Ind =082 ##$$a 808.3 =090 ##$$a 808.3, Pat k =100 ##$$a Patchett, Ann =245 ##$$a Kidung yang indah, Ann Patchett; Alih bahasa, B.Sendra Tanuwijaya =260 ##$$a 2004 $b Jakarta =300 ##$$a 491 hlm, 18 cm =650 ##$$a Fiksi terjemahan =700 ##$$a Tanuwijaya, B.Sendra =850 ##$$a NBPNMAT =990 ##$$a 0099/PN/2014 =990 ##$$a 0239/BPAP-NTB/2015 =990 ##$$a 28322832 =990 ##$$a 0099/PN/2014 =990 ##$$a 0239/BPAP-NTB/2015 =990 ##$$a 01201802832